Enemies of the State - Statistics

General Stats
  • This quiz has been taken 3 times
  • The average score is 14 of 40
Answer Stats
Hint Answer % Correct
Miami Atlanta (Braves, Hawks)
67%
Baltimore Boston (Red Sox)
67%
Baltimore Cincinnati (Bengals)
67%
Baltimore Cleveland (Browns)
67%
Baltimore New York (Yankees)
67%
Baltimore Pittsburgh (Steelers)
67%
Miami Boston* (Bruins, Patriots)
33%
Miami Buffalo (Bills, Sabres)
33%
Miami Charlotte (Hornets)
33%
Indianapolis Chicago (Bulls)
33%
Kansas City Chicago (White Sox)
33%
Indianapolis Cleveland (Cavaliers)
33%
Kansas City Cleveland (Guardians)
33%
Kansas City Denver (Broncos)
33%
Indianapolis Detroit (Pistons)
33%
Kansas City Detroit (Tigers)
33%
Indianapolis Houston (Texans)
33%
Indianapolis Jacksonville (Jaguars)
33%
Kansas City Las Vegas (Raiders)
33%
Kansas City Los Angeles (Chargers)
33%
Phoenix Los Angeles (Clippers, Dodgers, Lakers, Rams)
33%
Indianapolis Milwaukee (Bucks)
33%
Kansas City Minneapolis/St. Paul (Twins)
33%
Miami Montreal (Canadiens)
33%
Indianapolis Nashville (Titans)
33%
Miami New York (Jets, Mets)
33%
Miami Orlando (Magic)
33%
Miami Ottawa (Senators)
33%
Miami Philadelphia (Phillies)
33%
Phoenix San Francisco (Giants, Warriors, 49ers)
33%
Phoenix Seattle (Seahawks)
33%
Baltimore Tampa (Rays)
33%
Baltimore Toronto (Blue Jays)
33%
Miami Toronto (Maple Leafs)
33%
Miami Washington (Nationals, Wizards)
33%
Phoenix Denver (Rockies)
0%
Miami Detroit (Red Wings)
0%
Phoenix Sacramento (Kings)
0%
Phoenix San Diego (Padres)
0%
Miami Tampa (Lightning)
0%
No matching quizzes found
Score Distribution
Percent of People with Each Score
Percentile by Number Answered
Your Score History
You have not taken this quiz